00927nam a2200157 a 450000100100000000500170001000800410002704000250006808200160009311000880010924502610019726000820045830000360054095201760057699900170075200003227220200930063557.0110714s1939 dr r 000 0 spa d aDO-SdBNPbspacBNPHU axxxxbR426c1 aRepública DominicanabConsejo Administrativo del Distrito de Santo Domingo95754010aMemoria que presenta al señor secretario de estado de la interior y policía y al Consejo Administrativo del Distrito de Santo Domingo, su presidente el Señor Don Virgilio Álvarez Pina, relativo a la labores relaizadas durante su el año de 1930 /. aSanto Domingo :bConsejo Administrativo del Distrito de Santo Domingo,c1939. a481 p. :bil., retrs. ;c24 cm. 001050718RVaPDbPDcCTd2011-07-14iLF1l0oxxxx R426cp32272-10r2020-06-25w2020-06-25y1zPerteneció a la biblioteca personal de Julio Ortega Frier.ZNo se presta c31763d31763